The World around us / (Record no. 13400)

000 -LEADER
fixed length control field 02413cam a2200625Ia 4500
020 ## - INTERNATIONAL STANDARD BOOK NUMBER
ISBN 0021460019 (gr. 1)
020 ## - INTERNATIONAL STANDARD BOOK NUMBER
ISBN 9780021460014 (gr. 1)
020 ## - INTERNATIONAL STANDARD BOOK NUMBER
ISBN 0021460167 (gr. 1, teacher's ed.)
020 ## - INTERNATIONAL STANDARD BOOK NUMBER
ISBN 9780021460168 (gr. 1, teacher's ed.)
020 ## - INTERNATIONAL STANDARD BOOK NUMBER
ISBN 0021461899 (gr. 1, teacher's ed., activity program)
020 ## - INTERNATIONAL STANDARD BOOK NUMBER
ISBN 9780021461899 (gr. 1, teacher's ed., activity program)
020 ## - INTERNATIONAL STANDARD BOOK NUMBER
ISBN 0021460027 (gr. 2)
020 ## - INTERNATIONAL STANDARD BOOK NUMBER
ISBN 9780021460021 (gr. 2)
020 ## - INTERNATIONAL STANDARD BOOK NUMBER
ISBN 0021460175 (gr. 2, teacher's ed.)
020 ## - INTERNATIONAL STANDARD BOOK NUMBER
ISBN 9780021460175 (gr. 2, teacher's ed.)
020 ## - INTERNATIONAL STANDARD BOOK NUMBER
ISBN 0021461902 (gr. 2, teacher's ed., activity program)
020 ## - INTERNATIONAL STANDARD BOOK NUMBER
ISBN 9780021461905 (gr. 2, teacher's ed., activity program)
020 ## - INTERNATIONAL STANDARD BOOK NUMBER
ISBN 0021460035 (gr. 3)
020 ## - INTERNATIONAL STANDARD BOOK NUMBER
ISBN 9780021460038 (gr. 3)
020 ## - INTERNATIONAL STANDARD BOOK NUMBER
ISBN 0021460183 (gr. 3, teacher's ed.)
020 ## - INTERNATIONAL STANDARD BOOK NUMBER
ISBN 9780021460182 (gr. 3, teacher's ed.)
020 ## - INTERNATIONAL STANDARD BOOK NUMBER
ISBN 002146006X (gr. 4)
020 ## - INTERNATIONAL STANDARD BOOK NUMBER
ISBN 9780021460069 (gr. 4)
020 ## - INTERNATIONAL STANDARD BOOK NUMBER
ISBN 0021460213 (gr. 4, teacher's ed.)
020 ## - INTERNATIONAL STANDARD BOOK NUMBER
ISBN 9780021460212 (gr. 4, teacher's ed.)
020 ## - INTERNATIONAL STANDARD BOOK NUMBER
ISBN 0021460078 (gr. 5)
020 ## - INTERNATIONAL STANDARD BOOK NUMBER
ISBN 9780021460076 (gr. 5)
020 ## - INTERNATIONAL STANDARD BOOK NUMBER
ISBN 0021460221 (gr. 5, teacher's ed.)
020 ## - INTERNATIONAL STANDARD BOOK NUMBER
ISBN 9780021460229 (gr. 5, teacher's ed.)
020 ## - INTERNATIONAL STANDARD BOOK NUMBER
ISBN 0021460086 (gr. 6/7, pt. 1)
020 ## - INTERNATIONAL STANDARD BOOK NUMBER
ISBN 9780021460083 (gr. 6/7, pt. 1)
020 ## - INTERNATIONAL STANDARD BOOK NUMBER
ISBN 002146023X (gr. 6/7, teacher's ed., pt. 1)
020 ## - INTERNATIONAL STANDARD BOOK NUMBER
ISBN 9780021460236 (gr. 6/7, teacher's ed., pt. 1)
020 ## - INTERNATIONAL STANDARD BOOK NUMBER
ISBN 0021460094 (gr. 6/7, pt. 3)
020 ## - INTERNATIONAL STANDARD BOOK NUMBER
ISBN 9780021460090 (gr. 6/7, pt. 3)
020 ## - INTERNATIONAL STANDARD BOOK NUMBER
ISBN 0021460248 (gr. 6/7, teacher's ed., pt. 3)
020 ## - INTERNATIONAL STANDARD BOOK NUMBER
ISBN 9780021460243 (gr. 6/7, teacher's ed., pt. 3)
020 ## - INTERNATIONAL STANDARD BOOK NUMBER
ISBN 0021460116 (gr. 6/7, pt. 4)
020 ## - INTERNATIONAL STANDARD BOOK NUMBER
ISBN 9780021460113 (gr. 6/7, pt. 4)
020 ## - INTERNATIONAL STANDARD BOOK NUMBER
ISBN 0021460264 (gr. 6/7, teacher's ed., pt. 4)
020 ## - INTERNATIONAL STANDARD BOOK NUMBER
ISBN 9780021460267 (gr. 6/7, teacher's ed., pt. 4)
020 ## - INTERNATIONAL STANDARD BOOK NUMBER
ISBN 0021460108 (Grade 6/7)
020 ## - INTERNATIONAL STANDARD BOOK NUMBER
ISBN 9780021460106 (Grade 6/7)
040 ## - CATALOGING SOURCE
Transcribing agency NJB
082 ## - DEWEY DECIMAL CLASSIFICATION NUMBER
Classification number 372 MAC 1993 A014 Or.
245 04 - TITLE STATEMENT
Title The World around us /
260 ## - PUBLICATION, DISTRIBUTION, ETC. (IMPRINT)
Place of publication New York :
Name of publisher Macmillan/McGraw-Hill School Pub. Co.,
Year of publication c1993.
300 ## - PHYSICAL DESCRIPTION
Number of Pages 9 v. :
Other physical details col. ill., maps ;
Dimensions 26 cm. +
Accompanying material teacher's ed. (9 v. : col. ill., maps ; 31 cm.) + activity program (Gr. 1-2 only)
500 ## - GENERAL NOTE
General note Grades 1-6/7.
500 ## - GENERAL NOTE
General note Includes index.
650 #0 - SUBJECT ADDED ENTRY--TOPICAL TERM
Topical Term Social sciences
650 #0 - SUBJECT ADDED ENTRY--TOPICAL TERM
Topical Term Social sciences
700 1# - ADDED ENTRY--PERSONAL NAME
Personal name Banks, James A.
942 ## - ADDED ENTRY ELEMENTS (KOHA)
Koha item type សៀវភៅភាសាអង់គ្លេស
952 ## - LOCATION AND ITEM INFORMATION (KOHA)
Withdrawn status [LOCAL, KOHA] 0
Holdings
Permanent Location Date acquired Koha item type Lost status Shelving location Barcode Current Location Full call number
Library Block A2017-08-25សៀវភៅភាសាអង់គ្លេស A014A19614Library Block A372 MAC 1993 A014 Or.
មជ្ឈមណ្ឌលឯការនៃសាកលវិទ្យាល័យភូមិន្ទកសិកម្មចំការដូង

Powered by Koha